The politics of nonformal education in Latin America
Αποθηκεύτηκε σε:
| Κύριος συγγραφέας: | |
|---|---|
| Μορφή: | Βιβλίο |
| Γλώσσα: | English |
| Δημοσίευση: |
New York :
Praeger,
1990
|
| Θέματα: | |
| Ετικέτες: |
Προσθήκη ετικέτας
Δεν υπάρχουν, Καταχωρήστε ετικέτα πρώτοι!
|
MARC
| LEADER | 00000nam a2200000 i 4500 | ||
|---|---|---|---|
| 001 | 1/97077 | ||
| 008 | 991216s1990 eng d | ||
| 020 | |a 0-275-93419-5 |c 39.95 | ||
| 035 | |l 10056000 | ||
| 040 | |a GR-MY-UA |b gre |e aacr | ||
| 041 | 0 | |a eng | |
| 082 | 0 | |a 374.98 | |
| 100 | 1 | |a Torres, Carlos Alberto. | |
| 245 | 1 | 4 | |a The politics of nonformal education in Latin America / |c Carlos Alberto Torres |
| 260 | |a New York : |b Praeger, |c 1990 | ||
| 300 | |a xix, 180 p.; |b ill.; |c 25 cm. | ||
| 650 | 0 | 0 | |a Adult education |z Latin America. |
| 650 | 0 | 0 | |a Non-formal education |z Latin America. |
| 650 | 0 | 0 | |a Education and state |z Latin America. |
| 650 | 0 | 0 | |a Educational sociology |z Latin America. |
| 852 | |a INST |b RHODES |e 19991216 |h 374.98 TOR |p 005400012153 |q 005400012153 |t BK |y 0 | ||
| 901 | |a BIBL4-2000-1 | ||
| 909 | |a Ρ |b 068559 | ||
| 922 | |a 4ΕΛΗ |b 199909 |c ΚΠΣ/154 |d GLORY BOOKS | ||
| 950 | |a 154-1999-07-27 | ||
| 970 | |a ΚΟΥΛΑΚΙΟΤΗ |b ΛΙΤΣΑ |z 2000/01/17 | ||